| Tag |
First Indicator |
Second Indicator |
Subfields |
| LEADER |
00000cam a2200000 i 4500 |
| 001 |
in00000042773 |
| 005 |
20151007064843.0 |
| 008 |
780104s1975 njuab j b 00110 eng d |
| 035 |
|
|
|a (OCoLC)03530218
|
| 035 |
|
|
|9 AAE0762AM
|
| 040 |
|
|
|a GYG
|c GYG
|d TXA
|d UtOrBLW
|
| 049 |
|
|
|a [Curr Col] TXAM
|c [1558774]
|
| 090 |
|
|
|a H95
|b .K55
|
| 100 |
1 |
|
|a Kimble, George H. T.
|q (George Herbert Tinley),
|d 1908-2004.
|
| 245 |
1 |
0 |
|a This is our world /
|c George H. T. Kimble.
|
| 264 |
|
1 |
|a Morristown, N. J. :
|b Silver Burdett,
|c [1975]
|
| 264 |
|
4 |
|c ©1975
|
| 300 |
|
|
|a 534 pages :
|b illustrations (some color), color maps. ;
|c 26 cm.
|
| 336 |
|
|
|a text
|b txt
|2 rdacontent
|
| 337 |
|
|
|a unmediated
|b n
|2 rdamedia
|
| 338 |
|
|
|a volume
|b nc
|2 rdacarrier
|
| 490 |
1 |
|
|a Silver Burdett social science
|
| 500 |
|
|
|a Gr.7-12.
|
| 500 |
|
|
|a Includes index.
|
| 650 |
|
0 |
|a Social sciences
|v Juvenile literature.
|
| 830 |
|
0 |
|a Silver Burdett social science.
|
| 999 |
|
|
|a MARS
|
| 999 |
f |
f |
|s 4623b835-0b7e-3a59-8af8-f419e2bb80a7
|i c9ecac26-5799-3b4f-811c-e569cb282b2c
|t 0
|
| 952 |
f |
f |
|p ric
|a Texas A&M University
|b Rellis Campus
|c Joint Library Facility
|d Remote Storage
|t 0
|e H95 .K55
|h Library of Congress classification
|i unmediated -- volume
|m A14800216331
|
| 998 |
f |
f |
|a H95 .K55
|t 0
|l Remote Storage
|